000 00757cam a2200289 i 4500
001 768714001
003 CO-MdFUSB
005 20241204111010.0
007 ta
008 241204t1950 -us||||| |||| 00| 0 eng d
040 _cCO-MdFUSB
041 0 _aeng
082 0 4 _223
_a236.4
_bH3181s
100 1 _aHarrison, Norman B. (Baldwin) (1874-1960)
_eautor
245 1 0 _aHis ... sure return
_c/ Norman B. Harrison
250 _a6
264 1 _aChicago, USA :
_bBible Institute colportage
_c[1950]
264 4 _c©1950
300 _a95 páginas
336 _atexto
_btxt
_2rdacontent
337 _2rdamedia
_asin mediación
_bn
338 _2rdacarrier
_avolumen
_bnc
563 _arustico
653 _aEscatología
942 _cBK
945 _aMiguel
999 _c35167
_d35167